Guess the Movie - Minimalistic Pictures #19 - Statistics

General Stats
  • This quiz has been taken 45 times
  • The average score is 9 of 20
Answer Stats
Picture Hint Answer % Correct
1996 Space Jam
88%
1941 Dumbo
86%
2007 Ratatouille
79%
2011 Rio
77%
2007 Transformers
77%
2012 The Dark Knight Rises
70%
2014 Paddington
65%
1986 The Fly
60%
2016 Fantastic Beasts and Where to Find Them
56%
1982 Poltergeist
42%
2014 The Fault in Our Stars
40%
2013 White House Down
33%
2005 Hitch
30%
2002 The Ring
23%
2022 Bullet Train
21%
2007 The Water Horse: Legend of the Deep
21%
2019 Parasite
12%
2013 Now You See Me
7%
2008 Taken
5%
2011 I Am Number Four
2%
No matching quizzes found
Score Distribution
Percent of People with Each Score
Percentile by Number Answered
Your Score History
You have not taken this quiz